| 000 | 00738cab a2200265 4500 | ||
|---|---|---|---|
| 001 | ABS60547 | ||
| 008 | 090401t1999 xxu||||| |||| 00| 0 eng d | ||
| 035 | _a(Sirsi) u93215 | ||
| 041 | _aeng | ||
| 100 | _aShepley, C. | ||
| 245 | _aDecision-making and the role of the planning inspectorate | ||
| 260 | _c1999 | ||
| 350 | _a0 | ||
| 490 |
_aJournal of Planning and Environment Law _vMay 1999, 403-407(3) |
||
| 650 |
_aDISPUTE RESOLUTION _96236 |
||
| 650 | _aEFFICIENCY | ||
| 650 | _aGOVERNMENT POLICY | ||
| 650 | _aMODERNISING PLANNING | ||
| 650 | _aPLANNING APPEAL PROCEDURES | ||
| 650 | _aPLANNING INSPECTORATE | ||
| 650 | _aPLANNING POLICY | ||
| 690 | _aPLANNING LAW AND PRACTICE | ||
| 942 | _n0 | ||
| 948 | _c10/05/1999 | ||
| 999 |
_c59080 _d59080 |
||